00348nam a22000977a 4500082001200000100001900012245012200031260004100153650002700194700002900221 a200 THE aShafqat Abbas  aTH-SOF-1259-Design and Performance Analysis of SPWM and SVPWM Solar Powered based Three Phase Voltage Source Inverter aIslamabadbNUST College of EMEc2016 a MS-ELECT-71 MSTHESIS aSupervisor Dr.Usman Ali